000 00428nam a2200181Ia 4500
001 4419
005 20260306145754.0
008 260306t2008||||xx |||||||||||||| ||spa||
041 _aESP
082 _a321.8
_bG23
100 _aGarcía Moreno, Luis A. (ed.)
_eAUT
245 0 _aLa democracia ayer y hoy
260 _c2008
300 _a262 páginas :
_c21 cm.
650 _aGEN
654 _aCDE
942 _cLIB
_dJUS
_fJUS
_2ddc
_n
999 _c4419
_d4419